|
|
|
|
| LEADER |
01187nam a22003371a 4500 |
| 001 |
000041212 |
| 003 |
17508 |
| 005 |
20230313153229.0 |
| 008 |
170329s2016 vm 000 eng |
| 040 |
|
|
|a LNN
|
| 041 |
|
|
|a eng
|
| 082 |
|
|
|a 425
|b VO-Q
|
| 100 |
|
|
|a VO THI NHU QUYNH
|
| 245 |
|
3 |
|a AN INVESTIGATION INTO ERRORS IN WRITING EMAIL MADE BY SECOND - YEAR STUDENTS OF ENGLISH AT THE COLLEGE FOREIGN LANGUAGES IN DA NANG /
|c Vo Thi Nhu Quynh.
|
| 260 |
|
|
|a DHNN,
|c 2016.
|
| 300 |
|
|
|a 64tr . : ill ; 30cm.
|
| 650 |
|
|
|a ERRORS IN WRITING, ERRORS IN WRITING EMAIL.
|
| 852 |
|
|
|b P.Doc
|c Luận văn sinh viên
|
| OWN |
|
|
|a LNN
|
| AVA |
|
|
|a UDN50
|b LNN
|c English
|d 425 VO-Q
|e available
|t Error 5001 Not defined in file expand_doc_bib_avail.
|f 1
|g 0
|h N
|i 0
|j AN
|k 1
|
| 999 |
|
|
|a From the UDN01
|
| AVA |
|
|
|a UDN50
|b LNN
|c English
|d 425 VO-Q
|e available
|t Error 5001 Not defined in file expand_doc_bib_avail.
|f 1
|g 0
|h N
|i 0
|j AN
|k 1
|
| TYP |
|
|
|a Monograph
|
| TYP |
|
|
|a Printed language
|
| 980 |
|
|
|a Mạng thư viện Đại học Đà Nẵng
|